000
00347pam a2200157a 44500
008
230515b1998 xxu||||| |||| 00| 0 eng d
020
_a
NULL
041
_a
ENGLISH
082
_a
N.D.
100
_a
Bhattacharyya B.C
245
_a
Engineering Mechanics
250
_a
0
260
_a
NULL
_b
Dhanpat Rai
_c
1998
300
_a
718
650
_a
NULL
999
_c
580167
_d
580167